North woods girl / Aimée Bissonette with ... Read More
Available copies
- 4 of 4 copies available at LARL/NWRL Consortium. (Show)
- 3 of 3 copies available at Northwest Regional Library.
Current holds
0 current holds with 4 total copies.
Show All Copies
| Location | Call Number / Copy Notes | Barcode | Shelving Location | Status | Due Date |
|---|---|---|---|---|---|
| Godel Memorial-Warren Library | e BIS (Text) | 35500005702913 | Main | Available | - |
| Greenbush Public Library | e BIS (Text) | 35500006514424 | Main | Available | - |
| Hallock Public Library | e BIS (Text) | 35500006493124 | Main | Available | - |
Record details
- ISBN: 9780873519663
- ISBN: 0873519663
- Physical Description: 32 unnumbered pages : color illustrations ; 27 x ... Read More
- Publisher: St. Paul, MN : Minnesota Historical Society Press, [2015]
Content descriptions
| Summary, etc.: | "An admiring granddaughter hikes in all seasons ... Read More |
Search for related items by subject
| Genre: | Fiction. Juvenile works. |
| LDR | 02384cam a22005898i 4500 | ||
|---|---|---|---|
| 001 | 192620 | ||
| 003 | LARL_NWRL_CONSORTIUM | ||
| 005 | 20151112115119.0 | ||
| 008 | 150307s2015 mnua j 000 1 eng | ||
| 020 | . | ‡a9780873519663 ‡q(hc. : alk. paper) | |
| 020 | . | ‡a0873519663 ‡q(hc. : alk. paper) | |
| 035 | . | ‡a(OCoLC)904552606 | |
| 042 | . | ‡alcac ‡apcc | |
| 082 | 0 | 0. | ‡a[E] ‡223 |
| 100 | 1 | . | ‡aBissonette, Aimée M. ‡0(LARL_NWRL_CONSORTIUM)224215 |
| 245 | 1 | 0. | ‡aNorth woods girl / ‡cAimée Bissonette with illustrations by Claudia McGehee. |
| 264 | 1. | ‡aSt. Paul, MN : ‡bMinnesota Historical Society Press, ‡c[2015] | |
| 300 | . | ‡a32 unnumbered pages : ‡bcolor illustrations ; ‡c27 x 27 cm. | |
| 336 | . | ‡atext ‡2rdacontent | |
| 336 | . | ‡astill image ‡2rdacontent | |
| 337 | . | ‡aunmediated ‡2rdamedia | |
| 338 | . | ‡avolume ‡2rdacarrier | |
| 520 | . | ‡a"An admiring granddaughter hikes in all seasons with Grandma, the quintessential north woods girl. Together they see squirrels gathering nuts, hear wood frogs peep, inhale piney scents, and choose the finest skipping stone"-- ‡cProvided by publisher. | |
| 650 | 1. | ‡aForests and forestry ‡vFiction. ‡0(LARL_NWRL_CONSORTIUM)165015 | |
| 650 | 1. | ‡aNature ‡vFiction. | |
| 650 | 1. | ‡aSeasons ‡vFiction. | |
| 650 | 1. | ‡aGrandmothers ‡vFiction. ‡0(LARL_NWRL_CONSORTIUM)165417 | |
| 651 | 1. | ‡aMinnesota ‡vFiction. ‡0(LARL_NWRL_CONSORTIUM)166041 | |
| 650 | 0. | ‡aPicture books. ‡0(LARL_NWRL_CONSORTIUM)28193 | |
| 650 | 0. | ‡aForests and forestry ‡vJuvenile fiction. | |
| 650 | 0. | ‡aNature stories. ‡0(LARL_NWRL_CONSORTIUM)26606 | |
| 650 | 0. | ‡aSeasons ‡vJuvenile fiction. | |
| 650 | 0. | ‡aGrandmothers ‡vJuvenile fiction. ‡0(LARL_NWRL_CONSORTIUM)165524 | |
| 651 | 0. | ‡aMinnesota ‡vJuvenile fiction. | |
| 650 | 7. | ‡2fast ‡aForests and forestry ‡0(LARL_NWRL_CONSORTIUM)20621 | |
| 650 | 7. | ‡2fast ‡aGrandmothers ‡0(LARL_NWRL_CONSORTIUM)21449 | |
| 650 | 7. | ‡aNature stories. ‡2fast ‡0(LARL_NWRL_CONSORTIUM)26606 | |
| 650 | 7. | ‡aPicture books. ‡2fast ‡0(LARL_NWRL_CONSORTIUM)28193 | |
| 650 | 7. | ‡2fast ‡aSeasons ‡0(LARL_NWRL_CONSORTIUM)30534 | |
| 651 | 7. | ‡aMinnesota. ‡2fast ‡0(LARL_NWRL_CONSORTIUM)55629 | |
| 655 | 7. | ‡aFiction. ‡2fast | |
| 655 | 7. | ‡aJuvenile works. ‡2fast | |
| 700 | 1 | . | ‡aMcGehee, Claudia, ‡d1963- ‡eillustrator. |
| 905 | . | ‡ubeattym | |
| 901 | . | ‡a192620 ‡bISxN ‡c192620 ‡tbiblio ‡soclc | |

Add to basket
Permalink
Disable Highlighting